13) Octopussy Quiz - Statistics

General Stats
  • This quiz has been taken 435 times
    425 since last reset
  • The average score is 6 of 10
Answer Stats
Question Answer % Correct
In 1983, which Connery-starring Bond film competed with Octopussy at the box office? Never Say Never Again
95%
What animal does Bond tell to Si-tuh! in the jungle? a tiger
94%
What kind of egg is being sold at the auction Bond attends? Fabergé
92%
What weapon, based on a children's toy, is Bond's ally Vijay killed with? yo-yo saw
68%
What is served as the main course at Khan's dinner with Bond in the Monsoon Palace? stuffed sheep's head
60%
Bond disguises himself as which Colonel who "sounds like a load of bull"? Colonel Toro
54%
What’s the 00 number of the agent who is killed in Berlin, dressed as a clown? 009
49%
Who speaks the line "That's my little Octopussy"? Magda
42%
Which character crushes a pair of loaded backgammon dice to dust? Gobinda
41%
Complete the quote by Orlov: "The West is decadent and ______!" divided
16%
No matching quizzes found
Score Distribution
Percent of People with Each Score
Percentile by Number Answered
Your Score History
You have not taken this quiz since the last reset